Phụ nữ Việt Nam qua các thời đại
Đây là công trình nghiên cứu về phụ nữ duy nhất từ trước đến nay được xuất bản bằng nhiều thứ tiếng. Nội dung sách nghiên cứu về phụ nữ, về giới sớm nhất có mặt trong thư viện các trường đại học lớn ở Mỹ, Anh, Nhật Bản,......
Guardado en:
| Autor principal: | |
|---|---|
| Formato: | Libro |
| Lenguaje: | Vietnamese |
| Publicado: |
H.
Khoa học Xã hội Hà Nội
2023
|
| Edición: | In lần thứ 3 |
| Materias: | |
| Etiquetas: |
Agregar Etiqueta
Sin Etiquetas, Sea el primero en etiquetar este registro!
|
| Thư viện lưu trữ: | Thư viện Trường Đại học Nam Cần Thơ |
|---|
| LEADER | 01153nam a22002057a 4500 | ||
|---|---|---|---|
| 001 | NCT_4_002821 | ||
| 008 | 240117b xxu||||| |||| 00| 0 vie d | ||
| 999 | |c 8008 |d 8008 | ||
| 020 | |a 9786043647211 |c 315000 | ||
| 082 | 0 | 4 | |2 23rd ed. |a 305.4 |b T528 |
| 100 | 1 | |a Lê Thị Nhâm Tuyết | |
| 245 | 1 | 0 | |a Phụ nữ Việt Nam qua các thời đại |c Lê Thị Nhâm Tuyết |
| 250 | |a In lần thứ 3 | ||
| 260 | |a H. |b Khoa học Xã hội Hà Nội |c 2023 | ||
| 300 | |a 509tr. |c 19 cm | ||
| 520 | 3 | |a Đây là công trình nghiên cứu về phụ nữ duy nhất từ trước đến nay được xuất bản bằng nhiều thứ tiếng. Nội dung sách nghiên cứu về phụ nữ, về giới sớm nhất có mặt trong thư viện các trường đại học lớn ở Mỹ, Anh, Nhật Bản,... | |
| 653 | |a Kinh tế Chính trị | ||
| 942 | |2 ddc |c BK | ||
| 952 | |0 0 |1 0 |2 ddc |4 0 |6 305_400000000000000_T528 |7 0 |9 28389 |a 000001 |b 000001 |d 2024-01-17 |o 305.4 T528 |p MD.22101 |r 2024-01-17 |w 2024-01-17 |y BK | ||
| 980 | |a Thư viện Trường Đại học Nam Cần Thơ | ||


